| 000 | 01155nam a22003497a 4500 | ||
|---|---|---|---|
| 001 | 000047300 | ||
| 003 | CHAP | ||
| 005 | 20220329140041.0 | ||
| 008 | 971013s1968 mx |r| 10010 spa d | ||
| 010 | _a46240 | ||
| 011 | _a47212 | ||
| 035 | _a51354 | ||
| 040 | _cCHAP | ||
| 090 | _aFolleto 1402 | ||
| 111 | 0 | 0 |
_aReunión Nacional de Ciencia y Tecnología en la Reforma Agraria ( _n1 _d: 1968 _c: México) _996435 |
| 245 | 1 | 0 | _aDocumento final. |
| 260 |
_aMéxico, D. F. : _bConsejo Nacional de Asociaciones Agronómicas, _c1968. |
||
| 300 | _a57 p. | ||
| 500 | _ac.2 46 h. y apénd. | ||
| 590 |
_aBATCH-UPD _b10 _c20130110 _lUCH01 _h1649 |
||
| 590 |
_aBATCH-UPD _b10 _c20130410 _lUCH01 _h1038 |
||
| 590 |
_aBATCH-UPD _b10 _c20130914 _lUCH01 _h1958 |
||
| 590 |
_aCONVERSION _b10 _c20130109 _lUCH01 _h1325 |
||
| 590 |
_aE5995AHE _b05 _c20141118 _lUCH01 _h1201 |
||
| 650 | 1 | 4 |
_aReforma agraria _zMéxico. _995596 |
| 901 | _aBK | ||
| 942 | _cFOLL | ||
| 942 | _n0 | ||
| 949 |
_aFolleto 1402 _bBC _cFOLL _d-114936 _eTS1 _i51354 _si |
||
| 949 |
_aFolleto 1402 _bBC _cFOLL _d-114937 _eTS2 _fc.2 _i51354 _si |
||
| 949 |
_aFolleto 1402 _bBC _cFOLL _d-114939 _eTS2 _fc.3 _i51354 _si |
||
| 999 |
_c46240 _d46240 |
||